| 000 | 00365nam a2200145Ia 4500 | ||
|---|---|---|---|
| 100 | _aLo/C.P/ Yeung/Albert K.W | ||
| 942 | _cBK | ||
| 654 | _ageographic information | ||
| 245 | _aConcepts and techniques of Geographic Information systems | ||
| 260 |
_bPrentice Hall of India _c2004 |
||
| 082 |
_a658.4038 _bLO |
||
| 300 | _a492 | ||
| 546 | _aENGLISH | ||
| 999 |
_c33475 _d33475 |
||